000 00469nam a2200181Ia 4500
001 1718
005 20260306143749.0
008 260306t2008||||xx |||||||||||||| ||spa||
041 _aESP
082 _a155.2
_bR66
100 _aRiso, Walter
_eAUT
245 0 _aCuestión de dignidad:
_bAprender a decir NO y gane autoestima siendo asertivo
260 _c2008
300 _a170 páginas :
_c21 x 13 cm.
650 _aGEN
654 _aCPS
942 _cLIB
_dJUS
_fJUS
_2ddc
_n
999 _c1718
_d1718